| 000 | 00835nam a2200265Ia 4500 | ||
|---|---|---|---|
| 001 | dia_1058 | ||
| 003 | CHAP | ||
| 005 | 20260223121543.0 | ||
| 008 | 220117s1976 xx 000 0 und d | ||
| 010 | _a171606 | ||
| 040 | _cCHAP | ||
| 082 | _a338.522 M62 | ||
| 100 | 1 |
_aMoctezuma López, Georgel _976402 |
|
| 245 |
_aApuntes Sobre Mercados; Material de la Clase de Proyectos Agroindustriales / _c por Georgel Moctezuma López |
||
| 260 |
_aChapingo, México : _b E.N.A., Departamento de Industrias Agrícolas., _c1976 |
||
| 300 | _a83 p. | ||
| 503 | _aC/e | ||
| 650 |
_a1.Mercados _9148163 |
||
| 650 |
_aOferta y demanda _982790 |
||
| 650 |
_aProyectos agroindustriales _9149917 |
||
| 901 | _a338.522 M62 | ||
| 902 | _aM | ||
| 905 | _a0000001976 MX X 0000000000SPA00 | ||
| 942 |
_cLIBRO _2ddc |
||
| 999 |
_c171606 _d171606 |
||